| 000 | 00749nam a2200217Ia 4500 | ||
|---|---|---|---|
| 005 | 20241129105813.0 | ||
| 008 | 241129s9999||||xx |||||||||||||| ||und|| | ||
| 020 | _a978-81-7143-711-5 | ||
| 037 | _aTB | ||
| 040 |
_aARTS _bpun _cARTS |
||
| 041 |
_apun _2pun |
||
| 084 |
_aO153,3N191:g R2 _qARTS |
||
| 100 | _aਮੋਹਨਜੀਤ, ਚ। | ||
| 245 | 0 |
_aਬੂੰਦ ਤੇਰੇ ਇਸ਼ਕ ਦੀ _cਮੋਹਨਜੀਤ, ਚ। |
|
| 260 |
_aਅੰਮ੍ਰਿਤਸਰ, ਭਾਰਤ _bਅੰਮ੍ਰਿਤਸਰ ਰਵੀ ਸਾਹਿਤ ਪ੍ਰਕਾਸ਼ਨ _c2021 |
||
| 300 | _a176ਪ੍ਰ0 | ||
| 365 |
_aINR _b350 |
||
| 650 |
_aPunjabi Fiction _9179734 |
||
| 942 |
_cTB _hO153,3N191:g R2 |
||
| 999 |
_c1226017 _d1226017 |
||